[Event "Buenos Aires Torre Blanca op"]
[Site "Buenos Aires"]
[Date "2022.02.17"]
[Round "5"]
[White "Burotto, Nicolas"]
[Black "Llorens, Silvio Andres"]
[Result "0-1"]
[WhiteElo "1735"]
[BlackElo "2110"]
[PlyCount "160"]
[EventDate "2022.02.03"]
[EventType "swiss"]
[EventRounds "7"]
[EventCountry "ARG"]
[SourceTitle "EXT 2023"]
[Source "ChessBase"]
[SourceDate "2022.10.05"]
[SourceVersion "1"]
[SourceVersionDate "2022.10.05"]
[SourceQuality "1"]

1. e4 d6 2. d4 Nf6 3. Nc3 g6 4. Bg5 Bg7 5. e5 Nfd7 6. exd6 cxd6 7. Qd2 h6 8. Be3 Nf6 9. 0-0-0 Nbd7 10. Kb1 Ng4 11. Bc4 Nxe3 12. Qxe3 0-0 13. h4 Nf6 14. f3 a6 15. Nd5 e6 16. Nxf6+ Qxf6 17. h5 g5 18. Ne2 b5 19. Bd3 Bb7 20. Be4 d5 21. Bd3 Rfe8 22. f4 gxf4 23. Nxf4 e5 24. dxe5 Rxe5 25. Qd4 Qd6 26. Qf2 Rae8 27. g4 Bc8 28. Rhg1 Rg5 29. Qf3 Qf6 30. c3 b4 31. Bc2 bxc3 32. Rdf1 cxb2 33. Qd3 Rge5 34. Qh7+ Kf8 35. Ng6+ fxg6 36. Rxf6+ Bxf6 37. Qxh6+ Bg7 38. Qd2 gxh5 39. gxh5 Rxh5 40. Qf2+ Kg8 41. Qf3 Rhe5 42. Rxg7+ Kxg7 43. Kxb2 R8e7 44. Qg2+ Kf8 45. Qh1 Ke8 46. Bd3 Kd8 47. Kc3 Bb7 48. Kd4 Kc7 49. Qc1+ Kb8 50. Qc5 R5e6 51. Qc2 Rc7 52. Qh2 Ree7 53. Qf4 Ka7 54. Qf2 Ka8 55. Qf8+ Ka7 56. Qf2 Re8 57. Bf1 Rec8 58. Ke5+ Rc5 59. Bh3 R8c7 60. Bf5 Kb8 61. Bd3 Re7+ 62. Kd4 Rcc7 63. Qh2 Ka7 64. Qf2 Re8 65. Qh2 Rce7 66. Qf2 Kb6 67. Qb2+ Ka7 68. Qf2 Rc8 69. Qg1 Ree8 70. Qf2 Rc7 71. Qg1 Rec8 72. Qf2 Rc5 73. Bf5 R8c7 74. Qh2 Rc4+ 75. Kd3 d4 76. Qh8 Rb4 77. Qd8 Rc3+ 78. Kd2 Rb2+ 79. Kd1 Bf3+ 80. Ke1 Rc1# 0-1